[Event "GRE-chT 48th"]
[Site "Athens"]
[Date "2021.09.12"]
[Round "7.1"]
[White "Dermitzaki, Georgia"]
[Black "Athanasiou, Soumela"]
[Result "0-1"]
[WhiteElo "1172"]
[BlackElo "1408"]
[PlyCount "78"]
[EventDate "2021.09.07"]
[EventType "team-swiss"]
[EventRounds "7"]
[EventCountry "GRE"]
[SourceTitle "CBM 204 Extra"]
[Source "ChessBase"]
[SourceDate "2021.11.30"]
[SourceVersion "1"]
[SourceVersionDate "2021.11.30"]
[SourceQuality "1"]
[WhiteTeam "Peukees"]
[BlackTeam "Evoiki ES"]
[WhiteTeamCountry "GRE"]
[BlackTeamCountry "GRE"]

1. d4 d5 2. c4 e6 3. Nc3 a6 4. Bf4 dxc4 5. Qa4+ b5 6. Qa5 Bd6 7. Bxd6 cxd6 8. Qxd8+ Kxd8 9. e4 Bb7 10. a3 Nf6 11. f3 Nc6 12. Nge2 Na5 13. Rd1 Ke7 14. Nc1 g5 15. g3 g4 16. Bg2 gxf3 17. Bxf3 Rag8 18. Rg1 h5 19. h4 Ng4 20. Rd2 f5 21. Re2 Kd7 22. Kd2 Nc6 23. d5 Nd4 24. dxe6+ Ke7 25. Bh1 Nxe2 26. N1xe2 fxe4 27. Bxe4 Bxe4 28. Nxe4 Kxe6 29. Ng5+ Kd7 30. Rf1 Rf8 31. Nf4 Ne5 32. Rd1 Kc6 33. Kc3 Rh6 34. Rd2 Re8 35. Rd1 Ng4 36. Nf7 Rf6 37. Ng5 Re3+ 38. Kb4 a5+ 39. Kxa5 Rf8 0-1

[Event "GRE-chT 48th"]
[Site "Athens"]
[Date "2021.09.11"]
[Round "6.4"]
[White "Dermitzaki, Georgia"]
[Black "Strati, Betty Anna"]
[Result "0-1"]
[WhiteElo "1172"]
[BlackElo "1671"]
[PlyCount "98"]
[EventDate "2021.09.07"]
[EventType "team-swiss"]
[EventRounds "7"]
[EventCountry "GRE"]
[SourceTitle "CBM 204 Extra"]
[Source "ChessBase"]
[SourceDate "2021.11.30"]
[SourceVersion "1"]
[SourceVersionDate "2021.11.30"]
[SourceQuality "1"]
[WhiteTeam "Peukees"]
[BlackTeam "Zeenon Glyfathas"]
[WhiteTeamCountry "GRE"]
[BlackTeamCountry "GRE"]

1. d4 d5 2. c4 e6 3. Nc3 Be7 4. Bf4 c6 5. e3 Nf6 6. Qc2 0-0 7. Bd3 Nbd7 8. Nf3 Re8 9. h3 Nf8 10. 0-0 dxc4 11. Bxc4 b5 12. Bd3 Bb7 13. Rac1 a6 14. Rfd1 Qb6 15. Ne4 Nxe4 16. Bxe4 Rac8 17. a3 c5 18. Bxb7 Qxb7 19. dxc5 Bxc5 20. Qe2 Nd7 21. b4 Be7 22. Ne5 Nb6 23. e4 h6 24. Bg3 Bg5 25. f4 Bf6 26. Rxc8 Rxc8 27. f5 exf5 28. exf5 Qe7 29. Qf2 Bxe5 30. Bxe5 Nc4 31. Qg3 Qxe5 32. Qf3 Qe3+ 33. Qxe3 Nxe3 34. Rd6 Ra8 35. g4 Nc4 36. Rd3 Kf8 37. Kf2 Ke7 38. Kg3 Rd8 39. Rc3 Kf6 40. Kh4 Rd2 41. a4 Rb2 42. axb5 axb5 43. Kh5 Rxb4 44. h4 Ne5 45. g5+ hxg5 46. hxg5+ Kxf5 47. Rg3 g6+ 48. Kh6 Rh4+ 49. Kg7 b4 0-1

[Event "GRE-chT 48th"]
[Site "Athens"]
[Date "2021.09.09"]
[Round "4.6"]
[White "Dermitzaki, Georgia"]
[Black "Paroglou, Marianna"]
[Result "1-0"]
[WhiteElo "1172"]
[BlackElo "1454"]
[PlyCount "57"]
[EventDate "2021.09.07"]
[EventType "team-swiss"]
[EventRounds "7"]
[EventCountry "GRE"]
[SourceTitle "CBM 204 Extra"]
[Source "ChessBase"]
[SourceDate "2021.11.30"]
[SourceVersion "1"]
[SourceVersionDate "2021.11.30"]
[SourceQuality "1"]
[WhiteTeam "Peukees"]
[BlackTeam "Papagou"]
[WhiteTeamCountry "GRE"]
[BlackTeamCountry "GRE"]

1. d4 e6 2. c4 f5 3. Nc3 Nf6 4. Bf4 d5 5. e3 c6 6. cxd5 exd5 7. Nf3 Be7 8. Qc2 0-0 9. Bd3 Ne4 10. 0-0 Be6 11. Rab1 Nd7 12. b4 g5 13. Be5 g4 14. Ne1 Nxe5 15. dxe5 Bg5 16. Na4 d4 17. Rd1 Qd5 18. Bxe4 fxe4 19. Rxd4 Qxe5 20. Qxe4 Qxe4 21. Rxe4 Kf7 22. f4 Bh6 23. a3 b6 24. Nd3 Bf5 25. Ne5+ Kf6 26. Rc4 Rfc8 27. Rfc1 b5 28. Rxc6+ Be6 29. Nxg4+ 1-0

[Event "GRE-ch U12 Girls"]
[Site "Rio Achaia"]
[Date "2015.06.27"]
[Round "2.7"]
[White "Pasoglou, Nikoleta"]
[Black "Dermitzaki, Georgia"]
[Result "1-0"]
[WhiteElo "1129"]
[BlackElo "1086"]
[PlyCount "89"]
[EventDate "2015.06.26"]
[EventType "swiss"]
[EventRounds "9"]
[EventCountry "GRE"]
[SourceTitle "EXT 2024"]
[Source "ChessBase"]
[SourceDate "2023.10.10"]
[SourceVersion "1"]
[SourceVersionDate "2023.10.10"]
[SourceQuality "1"]

1. e4 e5 2. Nf3 Nc6 3. Bb5 a6 4. Ba4 b5 5. Bb3 g6 6. 0-0 Bg7 7. c3 d6 8. h3 Nge7 9. d4 exd4 10. cxd4 0-0 11. Bf4 h6 12. Qd2 Kh7 13. Nc3 f5 14. Rfe1 Na5 15. e5 Nxb3 16. axb3 dxe5 17. Bxe5 Nc6 18. Bxg7 Kxg7 19. d5 Ne7 20. Qd4+ Kh7 21. Qc5 Rf7 22. Rad1 Qd6 23. Qxd6 cxd6 24. Nd4 Bb7 25. Nc6 Nxc6 26. dxc6 Bxc6 27. Rxd6 Bb7 28. Ree6 Rg7 29. Nd5 Rc8 30. Nf6+ Kh8 31. Kh2 h5 32. Re2 Bc6 33. Red2 Be8 34. Rd8 Rgc7 35. Rxe8+ Rxe8 36. Nxe8 Re7 37. Nd6 Kh7 38. Kg3 Rd7 39. Ne4 Re7 40. Ng5+ Kh6 41. h4 a5 42. Rd5 Re2 43. Rd7 f4+ 44. Kxf4 Rxf2+ 45. Kg3 1-0